| 000 | 00478cam a22001457a 4500 | ||
|---|---|---|---|
| 008 | 180718b1970 xxu||||| |||| 00| 0 eng d | ||
| 082 | _aJ7 L964 | ||
| 245 |
_aUrban planning and local authorities _cedited by R.B. Dass |
||
| 260 |
_aCalcutta _bOxford & IBH Publishers _c1970 |
||
| 300 | _axiii, 137p | ||
| 650 | _aLocal government --India --Congresses. | ||
| 650 | _aRegional planning --India --Congresses | ||
| 650 | _aCity planning --India --Congresses | ||
| 700 | _aDass, R.B. | ||
| 999 |
_c415540 _d415540 |
||